| 000 | 00984 am a22002895a 4500 | ||
|---|---|---|---|
| 001 | 018480736 | ||
| 003 | OSt | ||
| 005 | 20201128024248.0 | ||
| 008 | 151212t2015 maua fr 000 0 eng d | ||
| 020 | _a9781292059389 | ||
| 020 | _a1292059389 | ||
| 040 |
_aDKDLA _beng _cDKDLA _dOCLCO _dOCLCF _dOCLCO _dOCLCQ _dOCLCO _dN$T _dYDX _dOCLCQ _dUk _dEG-ScBUE _epn |
||
| 082 | 0 | 4 |
_a658.150285 _222 _bHOL |
| 100 | 1 | 0 |
_aHolden, Craig W., _936474 |
| 245 | 1 | 0 |
_aExcel modeling in corporate finance / _cCraig W. Holden. |
| 250 | _a5th ed., Global ed. | ||
| 260 |
_aBoston : _bPearson Education Limited, _cc.2015. |
||
| 300 |
_a229 p. : _bill. ; _c24 cm. |
||
| 500 | _aPrevious edition: 2012. | ||
| 630 | 0 | 7 |
_aMicrosoft Excel (Computer file) _94503 |
| 650 | 7 |
_aCorporations _xFinance. _2BUEsh _92321 |
|
| 650 | 7 |
_aCorporations _xFinance _xMathematical models. _2BUEsh _940838 |
|
| 651 | _2BUEsh | ||
| 653 |
_bBUSADM _bGGEN _cMarch2018 |
||
| 690 | 7 |
_aManagement and Business Studies _2blcoll |
|
| 942 | _2ddc | ||
| 999 |
_c26236 _d26208 |
||